| 000 -LEADER | |
|---|---|
| fixed length control field | 00284nam a22001217a 4500 |
| 022 ## - INTERNATIONAL STANDARD SERIAL NUMBER | |
| ISSN | 13978157392787 |
| 050 ## - LIBRARY OF CONGRESS CALL NUMBER | |
| Classification number | BP 169..Q47 |
| 100 ## - MAIN ENTRY--AUTHOR NAME | |
| Personal name | WARRAQ , IBN |
| 245 ## - TITLE STATEMENT | |
| Title | The Quest for the Historical Muhammad |
| 260 ## - PUBLICATION, DISTRIBUTION, ETC. (IMPRINT) | |
| Place of publication | NEW YORK |
| Name of publisher | Prometheus BOOKS |
| Year of publication | 2000 |
| 300 ## - PHYSICAL DESCRIPTION | |
| Number of Pages | 554 |
| 942 ## - ADDED ENTRY ELEMENTS (KOHA) | |
| Koha item type | Books |
No copies available.

